Catálogo público

Avitecnia : (Record no. 168129)

MARC details
000 -CABECERA
campo de control de longitud fija 02538nam a2200397 a 4500
001 - NÚMERO DE CONTROL
campo de control Z_5072
003 - IDENTIFICADOR DEL NÚMERO DE CONTROL
campo de control CHAP
005 - FECHA Y HORA DE LA ÚLTIMA TRANSACCIÓN
campo de control 20250411142615.0
007 - CAMPO FIJO DE DESCRIPCIÓN FÍSICA--INFORMACIÓN GENERAL
campo de control de longitud fija ta
008 - DATOS DE LONGITUD FIJA--INFORMACIÓN GENERAL
campo de control de longitud fija 220113s1991 mx ad fr 001 0 s d
010 ## - NÚMERO DE CONTROL DE LA BIBLIOTECA DEL CONGRESO
Número de control de LC 168129
020 ## - NÚMERO INTERNACIONAL ESTÁNDAR DEL LIBRO
Número Internacional Estándar del Libro 968-24-2732-0
040 ## - FUENTE DE LA CATALOGACIÓN
Centro catalogador/agencia de origen Z
Centro/agencia transcriptor CHAP
Normas de descripción rda
041 0# - CÓDIGO DE LENGUA
Código de lengua del sumario o resumen Español
Código de lengua de la tabla de contenido Español
082 ## - NÚMERO DE LA CLASIFICACIÓN DECIMAL DEWEY
Número de clasificación 636.51
Número de documento/Ítem Q56 1991
Número de edición 20
100 1# - ENTRADA PRINCIPAL--NOMBRE DE PERSONA
Nombre de persona Quintana, José Antonio
9 (RLIN) 93383
Término indicativo de función/relación autor
245 10 - MENCIÓN DE TÍTULO
Título Avitecnia :
Resto del título manejo de las aves domésticas más comunes /
Mención de responsabilidad, etc. José Antonio Quintana
250 ## - MENCIÓN DE EDICIÓN
Mención de edición Segunda edición
264 #1 - PRODUCCIÓN, PUBLICACIÓN, DISTRIBUCIÓN, FABRICACIÓN Y COPYRIGHT
Producción, publicación, distribución, fabricación y copyright México, D. F. :
Nombre del de productor, editor, distribuidor, fabricante Trillas,
Fecha de producción, publicación, distribución, fabricación o copyright 1991
300 ## - DESCRIPCIÓN FÍSICA
Extensión 305 páginas :
Otras características físicas ilustraciones, gráficas, tablas
336 ## - TIPO DE CONTENIDO
Fuente rdacontent
Término de tipo de contenido texto
Código de tipo de contenido txt
337 ## - TIPO DE MEDIO
Fuente rdamedia
Nombre/término del tipo de medio sin medio
Código del tipo de medio n
338 ## - TIPO DE SOPORTE
Fuente rdacarrier
Nombre/término del tipo de soporte volumen
Código del tipo de soporte nc
500 ## - NOTA GENERAL
Nota general ej.1 - ej.2: C/E
504 ## - NOTA DE BIBLIOGRAFÍA, ETC.
Nota de bibliografía, etc. Incluye bibliografía
505 0# - NOTA DE CONTENIDO CON FORMATO
Nota de contenido con formato Prólogo -- Cap. 1. Sistemas de registro -- Cap. 2. Controles de producción -- Cap. 3. El ambiente en las casetas para aves -- Cap. 4. Programas de iluminación en las aves -- Cap. 5. Selección de las aves -- Cap. 6. Control del canibalismo en las aves -- Cap. 7. Sistemas de crianza -- Cap. 8. Sistemas de repoblación de granjas avícolas -- Cap. 9. Programas de pelechas forzadas -- Cap. 10. Manejo del huevo -- Cap. 11. Reproducción -- Cap. 12. Incubación -- Cap. 13. Sistemas de restricción alimenticia -- Apéndice A. Meleagricultura -- Apéndice B. Coturnicultura -- Apéndice C. Anacultura -- Apéndice D. Ansericultura, fasianicultura, numidicultura, columbicultura y perdicultura.
520 ## - SUMARIO, ETC.
Sumario, etc. Quienes se dedican a la avicultura con fines comerciales o de autoconsumo, persiguen un objetivo común, optimizar la producción de carne y de huevo. Lograrlo no es tarea fácil, para ello es necesario crear y adoptar nuevos métodos en la crianza y producción de aves, así como conocer los avances que han ocurrido en este campo, tanto en genética como en nutrición. En Avitecnia el autor describe de manera precisa y sistematizada las ventajas y desventajas de los distintos métodos de manejo avícola, alojamiento, control de alimentación , reproducción, etc. a fin de integrar una guía que sea de utilidad práctica para estudiantes de veterinaria y para aquellos que trabajan en la producción avícola.
650 13 - PUNTO DE ACCESO ADICIONAL DE MATERIA--TÉRMINO DE MATERIA
Término de materia o nombre geográfico como elemento de entrada Aves de corral
9 (RLIN) 8636
650 13 - PUNTO DE ACCESO ADICIONAL DE MATERIA--TÉRMINO DE MATERIA
Término de materia o nombre geográfico como elemento de entrada Avicultura
9 (RLIN) 8703
650 13 - PUNTO DE ACCESO ADICIONAL DE MATERIA--TÉRMINO DE MATERIA
Término de materia o nombre geográfico como elemento de entrada Producción avícola
9 (RLIN) 140105
650 13 - PUNTO DE ACCESO ADICIONAL DE MATERIA--TÉRMINO DE MATERIA
Término de materia o nombre geográfico como elemento de entrada Productos avícolas
9 (RLIN) 92050
942 ## - ELEMENTOS DE PUNTO DE ACCESO ADICIONAL (KOHA)
Tipo de ítem Koha Libro
Fuente del sistema de clasificación o colocación Dewey Decimal Classification
901 ## - ELEMENTOS DE DATOS A LOCAL LDA (RLIN)
a 636.51 Q56 1991
902 ## - ELEMENTOS DE DATOS B LOCAL, LDB (RLIN)
a A
910 ## - DATOS DE OPCIÓN DEL USUARIO (OCLC)
Datos de opción del usuario 1991
Holdings
Estado de retiro Estado de pérdida Fuente del sistema de clasificación o colocación Estado dañado Restricciones de uso No para préstamo Código de colección Localización permanente Ubicación/localización actual Fecha de adquisición Fuente de adquisición Número de inventario Total de préstamos Signatura topográfica completa Código de barras Fecha visto por última vez Número de copia Precio válido a partir de Tipo de ítem Koha
    Dewey Decimal Classification   Préstamo interno   General Zootecnia Zootecnia 08/08/1995 Compra C/E   636.51 Q56 1991 5102007541 10/04/2025 Ej.1 10/04/2025 Libro
    Dewey Decimal Classification   Préstamo interno   General Zootecnia Zootecnia 08/08/1995 Compra C/E   636.51 Q56 1991 5102007542 10/04/2025 Ej.2 10/04/2025 Libro